The rise of political consultants : new ways of winning elections /

Bibliographic Details
Main Author: Sabato, Larry
Format: Book
Language:English
Published: New York : Basic Books, [1981]
Subjects:

MARC

Tag First Indicator Second Indicator Subfields
LEADER 00000pam a2200000 a 4500
001 in00000072047
005 20151008062525.0
008 810715s1981 nyua b 00110 eng
010 |a  81066104  
020 |a 046507040X 
035 |a (OCoLC)07653766 
035 |9 AAK0406AM 
039 0 |a 2  |b 3  |c 3  |d 3  |e 3 
040 |a DLC  |c DLC  |d TXA  |d UtOrBLW 
043 |a n-us--- 
049 |a TXAM  |c [1361352] 
050 0 0 |a JK2281  |b .S2 
082 0 |a 324.7/0973  |2 19 
100 1 |a Sabato, Larry. 
245 1 4 |a The rise of political consultants :  |b new ways of winning elections /  |c Larry J. Sabato. 
264 1 |a New York :  |b Basic Books,  |c [1981] 
264 4 |c ©1981 
300 |a 376 pages :  |b illustrations ;  |c 24 cm. 
336 |a text  |b txt  |2 rdacontent 
337 |a unmediated  |b n  |2 rdamedia 
338 |a volume  |b nc  |2 rdacarrier 
500 |a Includes indexes. 
504 |a Bibliography: pages 356-358. 
650 0 |a Political consultants  |z United States. 
650 0 |a Campaign management  |z United States. 
650 0 |a Political campaigns  |z United States. 
999 |a MARS 
999 f f |s 72410ba9-23bd-3c7f-83ad-465d1f419b9b  |i 6faba666-74e8-3b18-9255-516e81014d54  |t 0 
952 f f |p ric  |a Texas A&M University  |b Rellis Campus  |c Joint Library Facility  |d Remote Storage  |t 0  |e JK2281 .S2  |h Library of Congress classification  |i unmediated -- volume  |m A14806150973 
998 f f |a JK2281 .S2  |t 0  |l Remote Storage